Cuestiones fundamentales sobre matrimonio y familia / (Record n. 1520)

Dettagli MARC
000 -LEADER
fixed length control field 01239nam a2200301 i 4500
003 - CONTROL NUMBER IDENTIFIER
control field IT-RoINE
005 - DATE AND TIME OF LATEST TRANSACTION
control field 20201113111638.0
008 - FIXED-LENGTH DATA ELEMENTS--GENERAL INFORMATION
fixed length control field 941013s1980 sp rb 101 | spa d
020 ## - INTERNATIONAL STANDARD BOOK NUMBER
International Standard Book Number 8431306637
040 ## - CATALOGING SOURCE
Original cataloging agency DLC
Transcribing agency IT-RoINE
Modifying agency UPSA
-- IT-RoINE
111 2# - MAIN ENTRY--MEETING NAME
9 (RLIN) 2931
Meeting name or jurisdiction name as entry element Simposio internacional de teología
Number of part/section/meeting (2º.
Date of meeting 1980.
Location of meeting Pamplona, España)
245 10 - TITLE STATEMENT
Title Cuestiones fundamentales sobre matrimonio y familia /
Statement of responsibility, etc II Simposio Internacional de Teología de la Universidad de Navarra ; edición publicada bajo la dirección de Augusto Sarmiento ... [et al.]
260 ## - PUBLICATION, DISTRIBUTION, ETC. (IMPRINT)
Place of publication, distribution, etc Pamplona :
Name of publisher, distributor, etc Ediciones Universidad de Navarra,
Date of publication, distribution, etc 1980.
300 ## - PHYSICAL DESCRIPTION
Extent 968 p. ;
Dimensions 24 cm.
336 ## - CONTENT TYPE
Source rdacontent
Content type term text
337 ## - MEDIA TYPE
Source rdamedia
Media type term unmediated
338 ## - CARRIER TYPE
Source rdacarrier
Carrier type term volume
490 10 - SERIES STATEMENT
Series statement Colección teológica ;
Volume number/sequential designation 27
500 ## - GENERAL NOTE
General note Incluye índice.
504 ## - BIBLIOGRAPHY, ETC. NOTE
Bibliography, etc Incluye bibliografía.
650 04 - SUBJECT ADDED ENTRY--TOPICAL TERM
Topical term or geographic name as entry element Matrimonio
General subdivision Aspecto religioso
-- Iglesia Católica
Form subdivision Congresos
9 (RLIN) 2932
650 04 - SUBJECT ADDED ENTRY--TOPICAL TERM
Topical term or geographic name as entry element Familia
General subdivision Vida religiosa
Form subdivision Congresos
9 (RLIN) 2933
650 #4 - SUBJECT ADDED ENTRY--TOPICAL TERM
Topical term or geographic name as entry element Sacramentos
9 (RLIN) 2830
700 1# - ADDED ENTRY--PERSONAL NAME
Personal name Sarmiento, Augusto,
Dates associated with a name 1941-
9 (RLIN) 2934
710 2# - ADDED ENTRY--CORPORATE NAME
Corporate name or jurisdiction name as entry element Universidad de Navarra (Pamplona, España)
9 (RLIN) 1074
830 #0 - SERIES ADDED ENTRY--UNIFORM TITLE
9 (RLIN) 2208
Uniform title Colección teológica (Universidad de Navarra) ;
Volume number/sequential designation 27
942 ## - ADDED ENTRY ELEMENTS (KOHA)
Item type Monografías
Dati di copia
Withdrawn status Lost status Damaged status Not for loan Home library Current library Date acquired Inventory number Total Checkouts Full call number Barcode Date last seen Price effective from Koha item type
        Iglesia Nacional Española en Roma Iglesia Nacional Española en Roma 14/01/2014 80186   TEO 282 1748 14/01/2014 14/01/2014 Monografías